Semiconductor counters for nuclear radiations /

Bibliographic Details
Main Author: Dearnaley, G. (Geoffrey)
Other Authors: Northrop, D. C. (David Covell)
Format: Book
Language:English
Published: New York : Wiley, 1966.
Edition:2d ed., rev. and enl.
Subjects:

MARC

Tag First Indicator Second Indicator Subfields
LEADER 00000cam a2200000 4500
001 in00000307286
005 20151010143725.0
008 780801s1966 nyua b 00010 eng d
010 |a  66007350  
035 |a (OCoLC)04099070 
035 |9 ABH5709AM 
040 |a DLC  |c TJC  |d TXA  |d UtOrBLW 
049 |a TXAM  |c [1206436] 
050 0 0 |a QC787.C6  |b D4 1966a 
100 1 |a Dearnaley, G.  |q (Geoffrey) 
245 1 0 |a Semiconductor counters for nuclear radiations /  |c [by] G. Dearnaley and D. C. Northrop. 
250 |a 2d ed., rev. and enl. 
264 1 |a New York :  |b Wiley,  |c 1966. 
300 |a xx, 459 pages :  |b illustrations 
336 |a text  |b txt  |2 rdacontent 
337 |a unmediated  |b n  |2 rdamedia 
338 |a volume  |b nc  |2 rdacarrier 
500 |a Imprint covered by label: distributed in the United states by Barnes & Noble, Inc. 
504 |a Includes bibliographies. 
650 0 |a Semiconductor nuclear counters. 
700 1 |a Northrop, D. C.  |q (David Covell) 
999 |a MARS 
999 f f |s 2f2e1c1c-3729-38ee-8e72-1eb7f660e2ad  |i 6b9a999f-6036-31e0-995c-b33e17a5329b  |t 0 
952 f f |p ric  |a Texas A&M University  |b Rellis Campus  |c Joint Library Facility  |d Remote Storage  |t 0  |e QC787.C6 D4 1966a  |h Library of Congress classification  |i unmediated -- volume  |m A14804649706 
998 f f |a QC787.C6 D4 1966a  |t 0  |l Remote Storage